000
00211 a2200097 4500
001
27357
100
_a
Ahmed, S
245
_a
Cultural heritage
260
_a
_b
Callural heritage Series
_c
090
_c
18183
_d
18183
942
_a
NUST-CAE
_c
M
_c
9095
999
_c
262430
_d
262430